00654 2200217 4500001002100000005001500021035002000036007000300056008004100059020002200100082001000122084001600132100003200148245009000180250000600270260003500276300004500311700003500356650002800391990001700419INLIS00000000000136820260420102950 a0010-1023000188ta260420 b 1 ind  a978-602-8989-29-9 a813 k a813 k MUT t0 aMutaroh Akmal ( Pengarang )1 aTeman Baru :bseri moral berteman, yuk! /cMutiara Akmal ; penyunting, Titiani Widati aI aJakarta :bBestari Kids,c2011 a22 :bilust; gambar berwarna ;c21 cme-1 aTitiani Widati ( Penyunyting ) 4afiksi- bacaan anak-anak a00140/K/2019